01513nam a2200313   4500003000900000005001700009008004100026040004600067041000800113082002700121092000700148099003700155100005300192245007100245264006500316300002800381336002200409337002400431338003300455504006100488546011600549650007200665856005700737905000700794942001900801999001700820952018100837952018101018EG-GICUC20260121101216.0251112s1956    ua ||||fr|||| 00| 0 ara d  a EG-GICUCbarac EG-GICUCd EG-GICUCerda0 aara04221a341.84bج ا . ت04221  aLaw1  12	341.84 ج ا . ت  19560 aجابر جاد عبد الرحمنeمؤلف.10aتنازع القوانين/cجابر جاد عبد الرحمن. 1aالقاهرة:bدار النهضة العربية،c1956.  a646 ؛صفحةc24 سم  2rda contentatext  2rda mediaaComputer  2rda carrieraOnline Resource  aيحتوي على ارجاعات ببليوجرافية
  aالنص أغلبه باللغة العربية بعض النصوص الإنجليزية والفرنسية1 aتنازع القوانينxالقانون الدولى الخاص40uhttps://fll.law.cu.edu.eg/fulltext/bks/B12-00958.pdf  a75  2ddcn0cBKe21  c42926d42926  00102ddc40718القانون الدولي الخاصaCUbLAW1d2025-11-12l0oLaw1  12	341.84 ج ا . ت  1956 1200958	C1pB12-00958r2025-11-12 16:24:47t1w2025-11-12yBK  00102ddc40708القانون الدولي الخاصaCUbLAW1d2025-11-12l0oLaw1  12	341.84 ج ا . ت  1956 1200959	C2pB12-00959r2025-11-12 16:26:15t2w2025-11-12yBK